Normal view
MARC view
Entry Personal Name
001 - CONTROL NUMBER
- control field: 21844
003 - CONTROL NUMBER IDENTIFIER
- control field: ARRUPE
005 - DATE AND TIME OF LATEST TRANSACTION
- control field: 20160127113313.0
008 - FIXED-LENGTH DATA ELEMENTS
- fixed length control field: 160127|| aca||aabn | a|a d
040 ## - CATALOGING SOURCE
- Original cataloging agency: ARRUPE
- Transcribing agency: ARRUPE
100 ## - HEADING--PERSONAL NAME
- Personal name: Lorimer, Norma,
- Dates associated with a name: 1864-1948.
670 ## - SOURCE DATA FOUND
- Source citation: Work cat.: (ARRUPE)0: Lorimer, Norma, 1864-1948., By the waters of Africa;, 1917.